000 00201 a2200097 4500
001 2559
100 _aKingsley, Charles
245 _aWestward HO
260 _a
_bMacmillan & Co
_c
090 _c1855
_d1855
942 _aNUST-CAE
_cM
_c9502
999 _c237632
_d237632